| 000 | 00549nam a2200205Ia 4500 | ||
|---|---|---|---|
| 003 | 0100 | ||
| 008 | 130227s9999 xx 000 0 und d | ||
| 040 | _cARRUPELIB | ||
| 050 | _aB1649.P64S37 2006 | ||
| 100 | _aSassower, Raphael | ||
| 245 | _aPopper' s legacy | ||
| 245 | _brethinking politics, economics and science | ||
| 260 | _aShocksfield | ||
| 260 | _bAcumen Publishing Limited | ||
| 260 | _C2006 | ||
| 300 | _avii | ||
| 300 | _b 151p. 23cm. | ||
| 650 | _bFederation of Rhodesia & Nyasaland - Description & travel | ||
| 942 |
_2lcc _01 |
||
| 999 |
_c4518 _d4518 |
||